Chemical Dependency Quiz Stats

Quiz not verified by Sporcle

Also try: Click a Chuck
Challenge
Share
Tweet
Embed
Score 0/10 Timer 10:00
0 Plays Today
Questions Answers % Correct
True or False: On Deseret Value the deductible WILL apply on Chemical Dependency claims?False
95.7%
True or False: On Deseret Protect the annual deductible will apply on Chemical Dependency?True
95.7%
Name a Deseret Mutual plan that ONLY covers Chemical Dependency, detox, & outpatient therapy visitsDeseret Value, Student Plans, and Deseret Protect
91.3%
According to ROBO what benefit does the Intensive Chemical Dependency program fall under?Alternative Care
87%
On Outpatient Therapy visits for Chemical Dependency what is the visit limit?Unlimited with an authorization
87%
True or False: We will not cover any Chemical Dependency claims for students in any formFalse... we cover the detox & Outpatient Therapy Visits
87%
Name one of the members of the Medical Management team that is primarily over the Chemical Dependency benefitMike Adamson or David Rodeback
82.6%
Like all other mental health what is needed for the full benefits to be covered on Chemical Dependency?Pre-Authorization
82.6%
If a patient is admitted through the ER for detox will the ER copay still apply?No
82.6%
Effective on what date were the lifetime maximum & visit limit restriction changed? HINT: Please type out the date. Example: March 7, 1983January 1, 2010
82.6%

You're not logged in!

Compare scores with friends on all Sporcle quizzes.
Join for Free
OR
Log In

You Might Also Like...

Show Comments

Extras

Created May 3, 2010ReportNominate
Tags:Chemistry Quiz, dependency

Top Quizzes Today


Score Distribution

Your Account Isn't Verified!

In order to create a playlist on Sporcle, you need to verify the email address you used during registration. Go to your Sporcle Settings to finish the process.

Report this User

Report this user for behavior that violates our Community Guidelines.

Details: